Otázky integrácie a segregácie dopravy v súčasnosti.

Analýza pozitívnej a negatívnej činnosti dopravy v súvislosti s ekonomickými a ekologickými podmienkami spoločnosti. Zanedbávanie nárokov dopravy v osídlených oblastiach. Vznik komunikačných sústav funkčne nediferencovaných. Odbúravanie nadradenosti automobilu nad chodcom, systematické pretváranie d...

ver descrição completa

Na minha lista:
Detalhes bibliográficos
Autor principal: Surový, R.
Formato: Capítulo de Livro
Idioma:eslovaco
Assuntos:
Tags: Adicionar Tag
Sem tags, seja o primeiro a adicionar uma tag!

MARC

LEADER 00000naa a2200000 4500
001 r004283
005 20221125075558.3
041 0 |a slo 
044 |a [CS] 
245 1 0 |a Otázky integrácie a segregácie dopravy v súčasnosti.  |c R. Surový 
520 |a Analýza pozitívnej a negatívnej činnosti dopravy v súvislosti s ekonomickými a ekologickými podmienkami spoločnosti. Zanedbávanie nárokov dopravy v osídlených oblastiach. Vznik komunikačných sústav funkčne nediferencovaných. Odbúravanie nadradenosti automobilu nad chodcom, systematické pretváranie dopravy v prospech obyvateľov. 
610 2 0 |a doprava 
610 2 0 |a ekológia 
610 2 0 |a hospodárstvo národné 
610 2 0 |a komunikácia 
610 2 0 |a obyvateľstvo 
610 2 0 |a automobily 
610 2 0 |a integrácia 
100 1 |a Surový, R.